[Event "Druga liga CS-Istok 2007"]
[Site "?"]
[Date "2007.09.09"]
[Round "1.3"]
[White "Kostic, Nebojsa"]
[Black "Stojanovic, Zlatko"]
[Result "1-0"]
[WhiteElo "2333"]
[BlackElo "2225"]
[PlyCount "87"]
[EventDate "2007.09.09"]

1. c4 c5 2. Nf3 Nc6 3. d4 cxd4 4. Nxd4 g6 5. e4 Nf6 6. Nc3 d6 7. Be2 Bg7 8. Be3
O-O 9. O-O Bd7 10. f3 Nxd4 11. Bxd4 a5 12. Qd2 Bc6 13. Rab1 Nd7 14. Be3 Nc5 15.
Rfc1 Qb6 16. Kh1 Rfc8 17. Rc2 Qd8 18. b3 f5 19. exf5 gxf5 20. Bf1 Kh8 21. a3
Nd7 22. b4 axb4 23. axb4 b6 24. Nd5 Ra7 25. Nf4 Be5 26. Ne6 Qe8 27. Nd4 Qh5 28.
f4 Bxd4 29. Bxd4+ e5 30. Bb2 Be4 31. Bd3 Bxd3 32. Qxd3 Qg6 33. Qd5 Re8 34. Rd1
Nf6 35. Qc6 Ne4 36. Qxb6 Rg7 37. fxe5 Qh5 38. Rd3 dxe5 39. Qb5 Ng3+ 40. Kg1 f4
41. Rcd2 Rge7 42. hxg3 Kg8 43. gxf4 exf4 44. Qxh5 1-0

[Event "Druga liga CS-Istok 2007"]
[Site "?"]
[Date "2007.09.09"]
[Round "1.3"]
[White "Ilcic, Radoslav"]
[Black "Djokic, Vladan"]
[Result "1/2-1/2"]
[WhiteElo "2201"]
[BlackElo "2282"]
[PlyCount "126"]
[EventDate "2007.09.09"]

1. c4 c5 2. Nc3 b6 3. Nf3 Bb7 4. e3 Nf6 5. Be2 g6 6. d4 cxd4 7. exd4 Bg7 8. d5
d6 9. Be3 O-O 10. Qd2 Ng4 11. Bf4 Qc8 12. h3 Ne5 13. Nxe5 dxe5 14. Bh6 Nd7 15.
h4 Nf6 16. h5 Qf5 17. g4 Nxg4 18. Bxg4 Qxg4 19. hxg6 fxg6 20. Bxg7 Kxg7 21.
Qh6+ Kf7 22. Qxh7+ Ke8 23. d6 Qg5 24. dxe7 Rf7 25. Qh4 Qxh4 26. Rxh4 Kxe7 27.
Rd1 Raf8 28. Rd2 Bc6 29. Nd1 Rf4 30. Rh7+ R8f7 31. Rxf7+ Rxf7 32. Ne3 Bf3 33.
b4 Rh7 34. Rb2 Kd6 35. Kd2 Kc6 36. Kc3 Rh1 37. Rd2 Rc1+ 38. Kb2 Re1 39. Kb3
Rb1+ 40. Kc3 Rc1+ 41. Rc2 Rb1 42. Rd2 Rc1+ 43. Kb2 Re1 44. Rc2 Be4 45. Rd2 Rb1+
46. Kc3 Rc1+ 47. Kb3 Rb1+ 48. Rb2 Rc1 49. Ng4 Kd6 50. Rd2+ Ke6 51. Re2 Kf5 52.
Nxe5 Kxe5 53. f3 Kf4 54. Rxe4+ Kxf3 55. Re7 a5 56. a3 axb4 57. axb4 g5 58. Rb7
g4 59. Rxb6 g3 60. Rf6+ Ke4 61. Rg6 Kf3 62. Rf6+ Ke4 63. Rg6 Kf3 1/2-1/2

[Event "Druga liga CS-Istok 2007"]
[Site "?"]
[Date "2007.09.09"]
[Round "1.3"]
[White "Kajganovic, Miodrag"]
[Black "Batanjac, Aleksandar"]
[Result "1/2-1/2"]
[WhiteElo "2271"]
[BlackElo "2147"]
[PlyCount "154"]
[EventDate "2007.09.09"]

1. e4 e6 2. d4 b6 3. Bd3 Bb7 4. Nf3 Nf6 5. Qe2 c5 6. c3 Be7 7. O-O O-O 8. Bg5
h6 9. Bh4 cxd4 10. Nxd4 d6 11. Nd2 Nbd7 12. Rfe1 Nc5 13. Bc2 Rc8 14. Rad1 a6
15. f4 d5 16. Bxf6 Bxf6 17. e5 Be7 18. b4 Ne4 19. Nxe4 dxe4 20. Nxe6 fxe6 21.
Rxd8 Rfxd8 22. Bxe4 Bxe4 23. Qxe4 Rxc3 24. Re3 Rc1+ 25. Kf2 a5 26. a3 Rd2+ 27.
Re2 Rdd1 28. Rc2 axb4 29. Rxc1 Rxc1 30. axb4 b5 31. Qg6 Bxb4 32. Qe8+ Kh7 33.
Qxb5 Rc2+ 34. Kf3 Rc3+ 35. Ke4 Bc5 36. f5 exf5+ 37. Kxf5 Bf8 38. Qe8 Kg8 39.
Kg6 Rc7 40. Qe6+ Kh8 41. h4 Re7 42. Qd5 Ra7 43. g4 Re7 44. g5 Ra7 45. Qd4 Re7
46. Qd8 Kg8 47. Qd5+ Kh8 48. Kf5 Kh7 49. Qd3 Kg8 50. Qg3 Kh7 51. h5 hxg5 52.
Qxg5 Kh8 53. Qg6 Ra7 54. Qe8 Kg8 55. Qe6+ Kh7 56. Qc4 Re7 57. Qb3 Kh8 58. Qd5
Kh7 59. Qa8 Rf7+ 60. Ke6 Re7+ 61. Kd5 Kg8 62. Qa2 Kh7 63. Ke4 g6 64. hxg6+ Kxg6
65. Qg2+ Kf7 66. Kf5 Bg7 67. e6+ Kg8 68. Qa8+ Bf8 69. Kf6 Rh7 70. Qa2 Be7+ 71.
Kf5 Rg7 72. Qa8+ Bf8 73. Kf6 Rh7 74. Qd8 Rh6+ 75. Kg5 Rh7 76. Qe8 Re7 77. Qc8
Rg7+ 1/2-1/2

[Event "Druga liga CS-Istok 2007"]
[Site "?"]
[Date "2007.09.09"]
[Round "1.3"]
[White "Marinkovic, Vojkan"]
[Black "Zivkovic, Branimir"]
[Result "0-1"]
[WhiteElo "2065"]
[BlackElo "2220"]
[PlyCount "89"]
[EventDate "2007.09.09"]

1. e4 c5 2. Nf3 e6 3. d4 cxd4 4. Nxd4 Nf6 5. Bd3 Nc6 6. Nb3 Be7 7. O-O O-O 8.
Nc3 d5 9. Bg5 d4 10. Ne2 h6 11. Bh4 e5 12. h3 Be6 13. Bxf6 Bxf6 14. f4 exf4 15.
Nxf4 Qd6 16. Nd2 Ne5 17. Nxe6 Qxe6 18. Nf3 Rac8 19. Nxe5 Bxe5 20. b3 Bd6 21.
Qh5 Rc5 22. Qf3 Qe5 23. g3 Qxg3+ 24. Qxg3 Bxg3 25. Rf3 Be5 26. Raf1 f6 27. R1f2
Rc3 28. Bc4+ Kh7 29. Rxc3 dxc3 30. Rf3 Re8 31. Rd3 Re7 32. Rd5 Kg6 33. Kg2 Kg5
34. Kf3 Kh4 35. Kg2 a6 36. a4 g5 37. Bd3 h5 38. Rd8 Rg7 39. Be2 g4 40. hxg4
hxg4 41. Bc4 Kg5 42. Rd1 Rh7 43. Rh1 Rd7 44. Bd3 Kf4 45. Be2 0-1

[Event "Druga liga CS-Istok 2007"]
[Site "?"]
[Date "2007.09.09"]
[Round "1.3"]
[White "Keca, Dragomir"]
[Black "Minic, Ivan"]
[Result "1/2-1/2"]
[WhiteElo "2213"]
[BlackElo "2122"]
[PlyCount "43"]
[EventDate "2007.09.09"]

1. c4 e6 2. Nf3 Nf6 3. g3 d5 4. Bg2 Be7 5. O-O O-O 6. d4 c5 7. cxd5 Nxd5 8. e4
Nf6 9. Nc3 cxd4 10. Nxd4 e5 11. Ndb5 Bd7 12. Bg5 h6 13. Bxf6 Bxf6 14. Qd6 Na6
15. Rfd1 Bc6 16. Qxd8 Rfxd8 17. Rxd8+ Bxd8 18. Rd1 Bb6 19. Nd6 Rd8 20. Nc4
Rxd1+ 21. Nxd1 Bc7 22. Nc3 1/2-1/2

[Event "Druga liga CS-Istok 2007 "]
[Site "?"]
[Date "2007.09.09"]
[Round "1.4"]
[White "Brankovic, Dejan"]
[Black "Dezelin, Milan"]
[Result "1-0"]
[WhiteElo "2395"]
[BlackElo "2331"]
[PlyCount "63"]
[EventDate "2007.09.09"]

1. e4 c5 2. Nf3 Nc6 3. d4 cxd4 4. Nxd4 g6 5. c4 Bg7 6. Be3 Nf6 7. Nc3 d6 8. Be2
O-O 9. O-O Nxd4 10. Bxd4 Be6 11. Re1 Rc8 12. b3 Qa5 13. Nd5 Bxd5 14. exd5 a6
15. Bf1 Rfe8 16. a3 Nd7 17. b4 Qc7 18. Bxg7 Kxg7 19. Qd4+ Kg8 20. Re3 a5 21.
Rae1 axb4 22. axb4 Nb6 23. Re4 Ra8 24. Qe3 Ra4 25. Qh6 e5 26. Rh4 Rxb4 27.
Qxh7+ Kf8 28. Bd3 Nxd5 29. cxd5 Qc3 30. Qh6+ Ke7 31. Qg5+ Kd7 32. Rc1 1-0

[Event "Druga liga CS-Istok 2007 "]
[Site "?"]
[Date "2007.09.09"]
[Round "1.4"]
[White "Djokic, Nebojsa"]
[Black "Zlatanovic, Boroljub"]
[Result "0-1"]
[WhiteElo "2252"]
[BlackElo "2371"]
[PlyCount "76"]
[EventDate "2007.09.09"]

1. e4 e6 2. d4 d5 3. Nc3 Bb4 4. e5 c5 5. Bd2 Ne7 6. Nb5 Bxd2+ 7. Qxd2 O-O 8. f4
Bd7 9. dxc5 Bxb5 10. Bxb5 Qc7 11. Nf3 Qxc5 12. Bd3 Nbc6 13. O-O-O Nb4 14. Kb1
Rac8 15. c3 Nxd3 16. Qxd3 Qc4 17. Nd4 Qxd3+ 18. Rxd3 Rc4 19. g3 a6 20. Rhd1
Rfc8 21. Nc2 h5 22. Rd4 Kh7 23. Ne3 Rxd4 24. Rxd4 Kg6 25. Kc2 Nf5 26. Nxf5 Kxf5
27. Kd3 Kg4 28. Ke3 Rc4 29. Rd1 Re4+ 30. Kf2 g5 31. fxg5 Kxg5 32. Kf3 Kf5 33.
h3 Kxe5 34. Rc1 b5 35. a3 a5 36. Rg1 f5 37. Rd1 Kd6 38. b4 Rc4 0-1

[Event "Druga liga CS-Istok 2007"]
[Site "?"]
[Date "2007.09.09"]
[Round "1.4"]
[White "Grujic, Nebojsa"]
[Black "Madjar, Stanislav"]
[Result "1-0"]
[WhiteElo "2204"]
[BlackElo "2176"]
[PlyCount "77"]
[EventDate "2007.09.09"]

1. d4 Nf6 2. c4 e6 3. Nc3 Bb4 4. f3 d5 5. a3 Be7 6. e4 dxe4 7. fxe4 e5 8. d5
Bc5 9. Nf3 Bg4 10. Bg5 Nbd7 11. Bd3 a5 12. h3 Bxf3 13. Qxf3 O-O 14. O-O-O Qe7
15. Kb1 c6 16. Rhf1 Bd4 17. Ne2 c5 18. Ng3 Ra6 19. Nf5 Qd8 20. Rd2 Rb6 21. Ka2
a4 22. g4 Rb3 23. Qg2 Qb6 24. Rb1 Ra8 25. Qf1 Ra6 26. Nxd4 exd4 27. Bf4 Qa5 28.
Rf2 Qd8 29. e5 Ne8 30. Bh2 f6 31. e6 Nf8 32. g5 Ng6 33. Re1 Rab6 34. gxf6 gxf6
35. Bxg6 hxg6 36. Qg2 Kh7 37. Rg1 g5 38. h4 Nd6 39. Bxd6 1-0

[Event "Druga liga CS-Istok 2007"]
[Site "?"]
[Date "2007.09.09"]
[Round "1.4"]
[White "Zivanovic, Nenad"]
[Black "Stankovic, Nemanja"]
[Result "1-0"]
[WhiteElo "2187"]
[BlackElo "2085"]
[PlyCount "101"]
[EventDate "2007.09.09"]

1. e4 e6 2. Qe2 c5 3. Nf3 Nc6 4. g3 Nge7 5. Bg2 d5 6. e5 Nf5 7. O-O Be7 8. c3
O-O 9. d3 h6 10. g4 Nh4 11. Nxh4 Bxh4 12. f4 f6 13. exf6 Bxf6 14. Nd2 e5 15. f5
b6 16. Qf3 Ne7 17. Qg3 Bb7 18. Nf3 e4 19. dxe4 dxe4 20. Nd2 e3 21. Qxe3 Bxg2
22. Kxg2 Bg5 23. Qe6+ Kh8 24. Nf3 Rf6 25. Qe4 Bxc1 26. Raxc1 Nc6 27. Rcd1 Qe8
28. Qxe8+ Rxe8 29. Rfe1 Rxe1 30. Rxe1 Kg8 31. Re8+ Rf8 32. Rxf8+ Kxf8 33. Kg3
Ke7 34. Kf4 Kf6 35. h4 a6 36. g5+ hxg5+ 37. hxg5+ Ke7 38. Ne5 Nd8 39. Ke4 Kd6
40. Nc4+ Kc6 41. g6 b5 42. f6 Ne6 43. Kf5 Kd5 44. Ne3+ Kd6 45. f7 Nf8 46. Ng2
a5 47. Nf4 a4 48. a3 c4 49. Nh5 Ne6 50. Nxg7 Nxg7+ 51. Kf6 1-0

[Event "Druga liga CS-Istok 2007"]
[Site "?"]
[Date "2007.09.09"]
[Round "1.5"]
[White "Panic, Milan"]
[Black "Raicevic, Ivica"]
[Result "1/2-1/2"]
[WhiteElo "2203"]
[BlackElo "2323"]
[PlyCount "33"]
[EventDate "2007.09.09"]

1. d4 e6 2. Nf3 Nf6 3. c4 Bb4+ 4. Bd2 a5 5. g3 b6 6. Bg2 c6 7. O-O O-O 8. Bg5
Be7 9. Qc2 d5 10. Ne5 Nfd7 11. Bxe7 Qxe7 12. Nd3 Ba6 13. Nd2 Nf6 14. Rfe1 Nbd7
15. Rad1 Rac8 16. e4 Rfd8 17. Nf4 1/2-1/2

[Event "Druga liga CS-Istok 2007"]
[Site "?"]
[Date "2007.09.09"]
[Round "1.5"]
[White "Bura, Goran"]
[Black "Kolbert, Engelbert"]
[Result "0-1"]
[WhiteElo "2263"]
[BlackElo "2167"]
[PlyCount "113"]
[EventDate "2007.09.09"]

1. e4 c5 2. Nc3 Nc6 3. Bb5 Nd4 4. Bc4 a6 5. a4 b6 6. Nf3 Bb7 7. O-O e6 8. Re1
g6 9. d3 Bg7 10. Nxd4 cxd4 11. Ne2 Ne7 12. Bg5 h6 13. Bh4 g5 14. Bg3 d5 15.
exd5 Nxd5 16. Qd2 Qd7 17. c3 dxc3 18. bxc3 b5 19. axb5 axb5 20. Rxa8+ Bxa8 21.
Bb3 Qc6 22. Bxd5 Qxd5 23. f3 O-O 24. h3 Rd8 25. d4 e5 26. Kh1 exd4 27. Nxd4 b4
28. Bf2 Qc4 29. Rc1 Bb7 30. cxb4 Qd5 31. Rd1 Bc6 32. Qc2 Qd7 33. Rd2 Ba4 34.
Qb1 Qc7 35. Nb3 Rb8 36. Nc5 Qf4 37. Qa2 Bc3 38. Re2 Bb5 39. Re4 Qc1+ 40. Kh2
Bc6 41. Re7 Rf8 42. Nd3 Qd1 43. Qc4 Bf6 44. Re1 Qa4 45. Ne5 Bb7 46. Bc5 Bxe5+
47. Rxe5 Qc6 48. Re7 Ba6 49. Qg4 Qg6 50. h4 Bc8 51. Qg3 Kh7 52. hxg5 hxg5 53.
Re5 Rg8 54. Be3 f6 55. Re7+ Rg7 56. Rxg7+ Qxg7 57. Qd6 0-1

[Event "Druga liga CS-Istok 2007"]
[Site "?"]
[Date "2007.09.09"]
[Round "1.5"]
[White "Stojanovic, Ivan"]
[Black "Turudic, Nenad"]
[Result "1/2-1/2"]
[WhiteElo "2176"]
[BlackElo "2232"]
[PlyCount "41"]
[EventDate "2007.09.09"]

1. e4 e5 2. Nf3 Nc6 3. Bc4 Nf6 4. d3 Be7 5. O-O O-O 6. h3 d6 7. c3 Na5 8. Bb5
a6 9. Ba4 b5 10. Bc2 c5 11. Bg5 Qc7 12. Re1 Be6 13. Nbd2 h6 14. Bh4 g5 15. Bg3
Nh5 16. Nh2 Ng7 17. Ng4 Kh7 18. Nf1 Rac8 19. Nge3 Kg8 20. Ng4 Kh7 21. Nge3
1/2-1/2

[Event "Druga liga CS-Istok 2007"]
[Site "?"]
[Date "2007.09.09"]
[Round "1.6"]
[White "Radosavljevic, Slobodan D"]
[Black "Vojinovic, Goran"]
[Result "0-1"]
[WhiteElo "2247"]
[BlackElo "2463"]
[PlyCount "110"]
[EventDate "2007.09.09"]

1. c4 e6 2. Nf3 Nf6 3. g3 a6 4. Bg2 b5 5. b3 Bb7 6. O-O c5 7. Bb2 Be7 8. d3 O-O
9. e4 d6 10. Nbd2 Nc6 11. Ne1 Nd7 12. f4 Bf6 13. Qc1 Bd4+ 14. Bxd4 Nxd4 15. Rf2
e5 16. f5 Qg5 17. Nf1 Qxc1 18. Rxc1 Bc6 19. Ne3 f6 20. Bf3 Kf7 21. Bd1 Ke7 22.
Nf3 bxc4 23. Rxc4 a5 24. Nd2 Rfb8 25. Rc1 Nb6 26. Ndc4 Nxc4 27. Rxc4 Be8 28.
Kf1 Bf7 29. Rc1 Nc6 30. Ke1 Ra7 31. h4 Nb4 32. Rc3 Nc6 33. Rc1 a4 34. bxa4 Nb4
35. Rc3 Nxa2 36. Ra3 Nb4 37. Kd2 Nc6 38. Kc1 Rab7 39. Bc2 Na5 40. Nd1 d5 41.
exd5 Bxd5 42. Nc3 Bc6 43. Bd1 Rd8 44. Bc2 Rd4 45. Ne2 Rg4 46. Rc3 Kd6 47. Bd1
Rgb4 48. Bc2 Bxa4 49. Ra3 Bxc2 50. Kxc2 Rb2+ 51. Kd1 Rb1+ 52. Kd2 Nb3+ 53. Ke3
Re1 54. Kf3 e4+ 55. dxe4 Nd2+ 0-1

[Event "Druga liga CS-Istok 2007"]
[Site "?"]
[Date "2007.09.09"]
[Round "1.6"]
[White "Popovic, Djordje D"]
[Black "Milosevic, Aleksandar"]
[Result "1/2-1/2"]
[WhiteElo "2262"]
[BlackElo "2287"]
[PlyCount "48"]
[EventDate "2007.09.09"]

1. d4 Nf6 2. c4 e6 3. Nf3 b6 4. Bg5 h6 5. Bh4 c5 6. e3 Bb7 7. Be2 Be7 8. O-O
O-O 9. Nc3 cxd4 10. Nxd4 a6 11. Bf3 Qc7 12. Rc1 d6 13. Bxb7 Qxb7 14. Qf3 Ra7
15. Bxf6 Qxf3 16. Nxf3 gxf6 17. b3 Rc8 18. a4 d5 19. cxd5 Ba3 20. Nb5 Rxc1 21.
Rxc1 axb5 22. Rc8+ Bf8 23. Rxb8 Rd7 24. Nd4 Rxd5 1/2-1/2

[Event "Druga liga CS-Istok 2007"]
[Site "?"]
[Date "2007.09.09"]
[Round "1.6"]
[White "Jevtic, Sasa"]
[Black "Komnenic, Branko"]
[Result "1/2-1/2"]
[WhiteElo "2162"]
[BlackElo "2280"]
[PlyCount "58"]
[EventDate "2007.09.09"]

1. d4 c5 2. c3 cxd4 3. cxd4 d5 4. Nf3 Nf6 5. Nc3 Nc6 6. Bf4 Bf5 7. e3 e6 8. Bb5
Nd7 9. O-O Rc8 10. Ne5 Ncxe5 11. Bxe5 a6 12. Bxd7+ Qxd7 13. Rc1 f6 14. Bg3 g5
15. f3 Be7 16. e4 Bg6 17. exd5 exd5 18. Re1 O-O 19. Nxd5 Qxd5 20. Rxe7 Rxc1 21.
Qxc1 Qxd4+ 22. Bf2 Qd5 23. h4 h6 24. Qc7 Rf7 25. hxg5 hxg5 26. Rxf7 Bxf7 27.
Qc3 Qd1+ 28. Kh2 Qd6+ 29. Bg3 Qc6 1/2-1/2

[Event "Druga liga CS-Istok 2007"]
[Site "?"]
[Date "2007.09.09"]
[Round "1.6"]
[White "Illijin, Neboisa"]
[Black "Stefanovic, Vladimir"]
[Result "1-0"]
[WhiteElo "2250"]
[BlackElo "2216"]
[PlyCount "59"]
[EventDate "2007.09.09"]

1. e4 c5 2. Nf3 Nc6 3. d4 cxd4 4. Nxd4 g6 5. Nc3 Bg7 6. Be3 Nf6 7. Bc4 O-O 8.
Bb3 d6 9. h3 Bd7 10. O-O Qa5 11. Re1 Rac8 12. Nd5 Rfe8 13. Nxc6 bxc6 14. Nxf6+
Bxf6 15. Bd4 Bxd4 16. Qxd4 Rb8 17. Rad1 Rb4 18. Qd2 Rb5 19. Qf4 Rf8 20. Qh4 e6
21. Qe7 Bc8 22. Qxd6 c5 23. Re3 Rb6 24. Qc7 Ba6 25. c4 Bb7 26. Rd8 Rxd8 27.
Qxd8+ Kg7 28. e5 Bc6 29. Kh2 Qa6 30. Rd3 1-0

[Event "Druga liga CS-Istok 2007"]
[Site "?"]
[Date "2007.09.09"]
[Round "1.6"]
[White "Nesic, Nebojsa"]
[Black "Ivanovic, Zoran"]
[Result "1-0"]
[WhiteElo "2171"]
[BlackElo "2189"]
[PlyCount "55"]
[EventDate "2007.09.09"]

1. d4 Nf6 2. c4 e6 3. Nc3 Bb4 4. e3 Ne4 5. Bd2 Nxd2 6. Qxd2 d6 7. f4 f5 8. Nf3
Nd7 9. a3 Bxc3 10. Qxc3 Nf6 11. Bd3 O-O 12. Qc2 b6 13. O-O-O Bb7 14. d5 exd5
15. Bxf5 Qe7 16. cxd5 Qxe3+ 17. Kb1 Qxf4 18. Rd4 Qh6 19. Rh4 Nh5 20. g4 g6 21.
Be6+ Kh8 22. Rh3 Rae8 23. gxh5 Rxe6 24. dxe6 g5 25. e7 Re8 26. Rg1 Rxe7 27.
Nxg5 Bd5 28. Qd2 1-0